000
00199 a2200097 4500
020
_a
9788440644473
041
_a
spa
100
_a
Pedro Crespo
245
_a
Sol Rojo Sobre Blanco Infito
942
_c
BK
999
_c
14297
_d
14297